What Star Wars Episodes Should Be Called - Statistics

General Stats
  • This quiz has been taken 23 times
  • The average score is 7 of 9
Answer Stats
Episode # Actual Episode Name What It Should Be Named % Correct
3 Revenge of the Sith Attack of the Clones
95%
1 The Phantom Menace The Rise of Skywalker
95%
2 Attack of the Clones Revenge of the Sith
90%
6 Return of the Jedi The Last Jedi
85%
4 A New Hope Return of the Jedi
80%
7 The Force Awakens The Empire Strikes Back
75%
5 The Empire Strikes Back The Force Awakens
75%
9 The Rise of Skywalker The Phantom Menace
75%
8 The Last Jedi A New Hope
70%
No matching quizzes found
Score Distribution
Percent of People with Each Score
Percentile by Number Answered
Your Score History
You have not taken this quiz